000 00486nam a2200193Ia 4500
003 0100
008 130303s9999 xx 000 0 und d
040 _cARRUPELIB
050 _aBT613.F713
100 _aFriethoff, Cornelis Xaverius Joseph Marie
245 2 _aA complete Mariology
260 _aWestminster MD
260 _bNewman Pr.
260 _C1958
300 _a287p
650 _bArgument
700 _atr. by a religious of the Retreat of the Sacred Heart
942 0 0 _01
999 _c48675
_d48675